| 000 | 01265nam2a22002651 4500 | ||
|---|---|---|---|
| 001 | RU\NLR\INFOCOMM17\1000409217 | ||
| 005 | 20250617065847.0 | ||
| 035 | _a(NLR Aleph) 002537210 | ||
| 090 |
_a2901960 _c2901960 |
||
| 100 | _a20040427d1914 |||y0rusy50 ca | ||
| 101 | 0 | _arus | |
| 102 | _aRU | ||
| 105 | _ay ||||||||| | ||
| 200 | 1 |
_aГрибные паразиты Воронежской губернии, собранные летом 1912 года _fА. Бондарцев, Л. Лебедев |
|
| 210 |
_d1914 _aБ. м. |
||
| 461 | 0 |
_1001RU\NLR\INFOCOMM17\1000409216 _12001#$aМатериалы по микологическому обследованию России$fЦентр. фитопатол. станция Ботанич. сада петра Великого$vВып.1 _92901952 _cПг. _d1914-1917 _fЦентр. фитопатол. станция Ботанич. сада петра Великого _tМатериалы по микологическому обследованию России _vВып.1 |
|
| 700 | 1 |
_aБондарцев _bА. _4070 |
|
| 701 | 1 |
_aЛебедев _bЛ. _4070 |
|
| 801 | 1 |
_aRU _bInfoComm _c20040427 |
|
| 801 | 0 |
_aRU _bNLR _gPSBO |
|
| 852 |
_aNLR _j37.66.7.34 |
||
| 942 | _cISSUE | ||
| 980 | _aNB | ||
| 980 | _aRUSPER | ||